000 00417nam a2200169Ia 4500
008 220531s9999 xx 000 0 und d
041 _aeng
082 _bCHA
100 _aChaudhari ,. Prakash
_955756
245 _aBusiness Regulatory Framework
260 _aPune
_bNirali
_c2010
300 _aB .3
542 _d16-09-2010
650 _aMercatile Law
_955757
906 _d2010-2011
999 _c32182
_d32182